[Event "DVM U12 2023"]
[Site "Magdeburg GER"]
[Date "2023.12.27"]
[Round "2"]
[White "Li, Yunqi"]
[Black "Wartenberg, Alexander"]
[Result "1-0"]
[Termination "normal"]
[Board "1.1"]
[WhiteElo "1667"]
[BlackElo "1695"]
[WhiteClock "00:49:26"]
[BlackClock "00:21:36"]
[WhiteTeam "SF 59 Kornwestheim"]
[BlackTeam "Hamburger SK 1830"]
[PlyCount "101"]
[WhiteFideId "34610618"]
[BlackFideId "16280768"]
[EventCountry "GER"]
[EventRounds "7"]
[EventType "team-swiss"]
[EventDate "2023.12.26"]

1. d4 {[%clk 01:30:56]} {[%emt 00:00:03]} d5 {[%clk 01:30:48]} {[%emt
00:00:12]} 2. c4 {[%clk 01:31:21]} {[%emt 00:00:06]} c6 {[%clk 01:30:57]}
{[%emt 00:00:21]} 3. Nf3 {[%clk 01:31:46]} {[%emt 00:00:04]} Nf6 {[%clk
01:31:19]} {[%emt 00:00:08]} 4. Nc3 {[%clk 01:32:12]} {[%emt 00:00:04]} a6
{[%clk 01:31:45]} {[%emt 00:00:04]} 5. e3 {[%clk 01:32:30]} {[%emt 00:00:12]}
b5 {[%clk 01:16:46]} {[%emt 00:15:29]} 6. b3 {[%clk 01:32:34]} {[%emt
00:00:26]} Bg4 {[%clk 01:16:12]} {[%emt 00:01:04]} 7. Be2 {[%clk 01:32:48]}
{[%emt 00:00:16]} e6 {[%clk 01:16:27]} {[%emt 00:00:15]} 8. O-O {[%clk
01:32:40]} {[%emt 00:00:37]} Bd6 {[%clk 01:15:58]} {[%emt 00:01:00]} 9. h3
{[%clk 01:32:24]} {[%emt 00:00:46]} Bf5 {[%clk 01:15:26]} {[%emt 00:01:02]} 10.
Bb2 {[%clk 01:26:43]} {[%emt 00:06:11]} O-O {[%clk 01:15:24]} {[%emt 00:00:32]}
11. Nh4 {[%clk 01:18:19]} {[%emt 00:08:54]} Bg6 {[%clk 01:14:48]} {[%emt
00:01:06]} 12. Nxg6 {[%clk 01:16:29]} {[%emt 00:02:21]} hxg6 {[%clk 01:14:53]}
{[%emt 00:00:24]} 13. cxb5 {[%clk 01:10:34]} {[%emt 00:06:26]} cxb5 {[%clk
01:10:17]} {[%emt 00:05:06]} 14. Bf3 {[%clk 01:08:33]} {[%emt 00:02:30]} Nbd7
{[%clk 01:07:57]} {[%emt 00:02:50]} 15. Qe2 {[%clk 01:04:48]} {[%emt 00:04:15]}
Qb6 {[%clk 00:59:52]} {[%emt 00:08:35]} 16. Rac1 {[%clk 00:56:45]} {[%emt
00:08:34]} Rfc8 {[%clk 00:56:58]} {[%emt 00:03:24]} 17. e4 {[%clk 00:50:01]}
{[%emt 00:07:14]} dxe4 {[%clk 00:55:42]} {[%emt 00:01:45]} 18. Nxe4 {[%clk
00:50:21]} {[%emt 00:00:10]} Nxe4 {[%clk 00:54:38]} {[%emt 00:01:34]} 19. Bxe4
{[%clk 00:48:19]} {[%emt 00:02:32]} Rab8 {[%clk 00:54:24]} {[%emt 00:00:45]}
20. Bxg6 {[%clk 00:46:21]} {[%emt 00:02:27]} Nf6 {[%clk 00:28:42]} {[%emt
00:26:11]} 21. Bd3 {[%clk 00:46:15]} {[%emt 00:00:37]} Bf4 {[%clk 00:25:23]}
{[%emt 00:03:49]} 22. Rxc8+ {[%clk 00:45:21]} {[%emt 00:01:25]} Rxc8 {[%clk
00:25:45]} {[%emt 00:00:08]} 23. Qf3 {[%clk 00:41:34]} {[%emt 00:04:17]} Bd6
{[%clk 00:20:16]} {[%emt 00:05:59]} 24. d5 {[%clk 00:39:39]} {[%emt 00:02:25]}
e5 {[%clk 00:19:27]} {[%emt 00:01:18]} 25. Qf5 {[%clk 00:39:35]} {[%emt
00:00:34]} Re8 {[%clk 00:19:02]} {[%emt 00:00:55]} 26. Re1 {[%clk 00:38:03]}
{[%emt 00:02:02]} Qa5 {[%clk 00:12:57]} {[%emt 00:06:35]} 27. Re2 {[%clk
00:35:05]} {[%emt 00:03:28]} Qb6 {[%clk 00:06:46]} {[%emt 00:06:41]} 28. Bxe5
{[%clk 00:29:57]} {[%emt 00:05:38]} Bxe5 {[%clk 00:06:14]} {[%emt 00:01:02]}
29. Rxe5 {[%clk 00:30:14]} {[%emt 00:00:13]} Rxe5 {[%clk 00:06:40]} {[%emt
00:00:04]} 30. Qxe5 {[%clk 00:30:24]} {[%emt 00:00:19]} Qc5 {[%clk 00:06:01]}
{[%emt 00:01:10]} 31. g4 {[%clk 00:25:19]} {[%emt 00:05:35]} Nd7 {[%clk
00:03:49]} {[%emt 00:02:41]} 32. Qe8+ {[%clk 00:25:08]} {[%emt 00:00:42]} Nf8
{[%clk 00:04:17]} {[%emt 00:00:02]} 33. Be4 {[%clk 00:25:14]} {[%emt 00:00:24]}
g6 {[%clk 00:03:56]} {[%emt 00:00:50]} 34. Kg2 {[%clk 00:21:35]} {[%emt
00:04:10]} Kg7 {[%clk 00:03:28]} {[%emt 00:00:58]} 35. Bf3 {[%clk 00:20:28]}
{[%emt 00:01:38]} Qd6 {[%clk 00:02:55]} {[%emt 00:01:03]} 36. Qc8 {[%clk
00:20:28]} {[%emt 00:00:30]} Kf6 {[%clk 00:02:38]} {[%emt 00:00:46]} 37. Qc6
{[%clk 00:20:17]} {[%emt 00:00:41]} Ke7 {[%clk 00:02:28]} {[%emt 00:00:41]} 38.
Qxd6+ {[%clk 00:20:10]} {[%emt 00:00:37]} Kxd6 {[%clk 00:02:56]} {[%emt
00:00:02]} 39. h4 {[%clk 00:20:23]} {[%emt 00:00:17]} a5 {[%clk 00:01:38]}
{[%emt 00:01:49]} 40. a3 {[%clk 00:19:16]} {[%emt 00:01:38]} Ke5 {[%clk
00:01:04]} {[%emt 00:01:04]} 41. b4 {[%clk 00:19:21]} {[%emt 00:00:25]} axb4
{[%clk 00:00:32]} {[%emt 00:01:01]} 42. axb4 {[%clk 00:19:43]} {[%emt
00:00:08]} Nd7 {[%clk 00:29:54]} {[%emt 00:01:09]} 43. Kg3 {[%clk 00:48:01]}
{[%emt 00:02:11]} Nb8 {[%clk 00:22:49]} {[%emt 00:07:35]} 44. h5 {[%clk
00:47:38]} {[%emt 00:00:54]} g5 {[%clk 00:22:48]} {[%emt 00:00:31]} 45. h6
{[%clk 00:47:46]} {[%emt 00:00:22]} Kf6 {[%clk 00:23:09]} {[%emt 00:00:09]} 46.
Be4 {[%clk 00:48:09]} {[%emt 00:00:08]} Nd7 {[%clk 00:21:20]} {[%emt 00:02:19]}
47. Bf5 {[%clk 00:48:32]} {[%emt 00:00:07]} Nb8 {[%clk 00:20:48]} {[%emt
00:01:02]} 48. d6 {[%clk 00:48:38]} {[%emt 00:00:24]} Nc6 {[%clk 00:21:00]}
{[%emt 00:00:17]} 49. d7 {[%clk 00:48:38]} {[%emt 00:00:31]} Nd8 {[%clk
00:21:18]} {[%emt 00:00:12]} 50. f4 {[%clk 00:49:05]} {[%emt 00:00:03]} gxf4+
{[%clk 00:21:36]} {[%emt 00:00:12]} 51. Kxf4 {[%clk 00:49:26]} {[%emt
00:00:07]} 1-0

[Event "DVM U12 2023"]
[Site "Magdeburg GER"]
[Date "2023.12.27"]
[Round "2"]
[White "Tu, Audrey"]
[Black "Tuktamyshev, Timur"]
[Result "1-0"]
[Termination "normal"]
[Board "1.3"]
[WhiteElo "1369"]
[BlackElo "1391"]
[WhiteClock "01:06:40"]
[BlackClock "01:09:22"]
[WhiteTeam "SF 59 Kornwestheim"]
[BlackTeam "Hamburger SK 1830"]
[PlyCount "33"]
[WhiteFideId "34628568"]
[BlackFideId "34637125"]
[EventCountry "GER"]
[EventRounds "7"]
[EventType "team-swiss"]
[EventDate "2023.12.26"]

1. e4 {[%clk 01:30:59]} e5 {[%clk 01:31:00]} 2. Nf3 {[%clk 01:31:22]} {[%emt
00:00:07]} Nc6 {[%clk 01:31:28]} {[%emt 00:00:01]} 3. Bb5 {[%emt 00:00:07]} a6
{[%clk 01:31:55]} {[%emt 00:00:02]} 4. Ba4 {[%clk 01:32:08]} {[%emt 00:00:08]}
Nf6 {[%clk 01:32:23]} {[%emt 00:00:02]} 5. d3 {[%clk 01:32:26]} {[%emt
00:00:12]} Bc5 {[%clk 01:32:14]} {[%emt 00:00:39]} 6. c3 {[%clk 01:32:42]}
{[%emt 00:00:14]} b5 {[%clk 01:32:08]} {[%emt 00:00:36]} 7. Bc2 {[%clk
01:32:50]} {[%emt 00:00:21]} d6 {[%clk 01:32:33]} {[%emt 00:00:05]} 8. Nbd2
{[%clk 01:32:58]} {[%emt 00:00:22]} Bb7 {[%clk 01:31:17]} {[%emt 00:01:45]} 9.
O-O {[%clk 01:29:56]} {[%emt 00:03:32]} O-O {[%clk 01:30:29]} {[%emt 00:01:19]}
10. Re1 {[%clk 01:28:41]} {[%emt 00:01:44]} Re8 {[%clk 01:28:28]} {[%emt
00:02:32]} 11. Nf1 {[%clk 01:27:58]} {[%emt 00:01:13]} d5 {[%clk 01:20:45]}
{[%emt 00:08:12]} 12. Ng3 {[%clk 01:20:13]} {[%emt 00:08:15]} d4 {[%clk
01:18:47]} {[%emt 00:02:28]} 13. Nf5 {[%clk 01:16:30]} {[%emt 00:04:13]} Nd7
{[%clk 01:13:53]} {[%emt 00:05:24]} 14. N3h4 {[%clk 01:12:11]} {[%emt
00:04:49]} Nf8 {[%clk 01:10:58]} {[%emt 00:03:25]} 15. Qg4 {[%clk 01:09:41]}
{[%emt 00:02:59]} Ng6 {[%clk 01:11:08]} {[%emt 00:00:21]} 16. Bb3 {[%clk
01:06:57]} {[%emt 00:03:14]} Qf6 {[%clk 01:09:22]} {[%emt 00:02:16]} 17. Bg5
{[%clk 01:06:40]} {[%emt 00:00:47]} 1-0

[Event "DVM U12 2023"]
[Site "Magdeburg GER"]
[Date "2023.12.27"]
[Round "2"]
[White "Derr, Oleg"]
[Black "Kovalskyy, Alicia"]
[Result "1-0"]
[Termination "normal"]
[Board "2.1"]
[WhiteElo "1801"]
[BlackElo "1577"]
[WhiteClock "01:10:08"]
[BlackClock "00:19:56"]
[WhiteTeam "VSG 1880 Offenbach"]
[BlackTeam "Düsseldorfer SV 1854"]
[PlyCount "55"]
[WhiteFideId "34611517"]
[BlackFideId "34612130"]
[EventCountry "GER"]
[EventRounds "7"]
[EventType "team-swiss"]
[EventDate "2023.12.26"]

1. e4 {[%clk 01:30:56]} {[%emt 00:00:03]} e5 {[%clk 01:30:54]} {[%emt
00:00:06]} 2. Nf3 {[%clk 01:31:23]} {[%emt 00:00:03]} Nc6 {[%clk 01:31:17]}
{[%emt 00:00:07]} 3. Bb5 {[%clk 01:31:48]} {[%emt 00:00:05]} a6 {[%clk
01:31:34]} {[%emt 00:00:13]} 4. Ba4 {[%clk 01:32:15]} {[%emt 00:00:03]} Nf6
{[%clk 01:31:59]} {[%emt 00:00:04]} 5. O-O {[%clk 01:32:41]} {[%emt 00:00:04]}
Be7 {[%clk 01:31:46]} {[%emt 00:00:43]} 6. Re1 {[%clk 01:32:47]} {[%emt
00:00:23]} d6 {[%clk 01:32:05]} {[%emt 00:00:11]} 7. c3 {[%clk 01:29:53]}
{[%emt 00:03:24]} b5 {[%clk 01:32:28]} {[%emt 00:00:08]} 8. Bc2 {[%clk
01:30:16]} {[%emt 00:00:06]} Bg4 {[%clk 01:31:33]} {[%emt 00:01:22]} 9. h3
{[%clk 01:29:06]} {[%emt 00:01:42]} Bh5 {[%clk 01:31:41]} {[%emt 00:00:22]} 10.
d3 {[%clk 01:27:37]} {[%emt 00:02:00]} h6 {[%clk 01:26:32]} {[%emt 00:05:39]}
11. Nbd2 {[%clk 01:27:01]} {[%emt 00:01:06]} g5 {[%clk 01:23:59]} {[%emt
00:03:03]} 12. g4 {[%clk 01:25:58]} {[%emt 00:01:33]} Nxg4 {[%clk 01:10:01]}
{[%emt 00:14:28]} 13. hxg4 {[%clk 01:26:19]} {[%emt 00:00:09]} Bxg4 {[%clk
01:10:26]} {[%emt 00:00:04]} 14. Nf1 {[%clk 01:25:14]} {[%emt 00:01:35]} Rg8
{[%clk 00:53:02]} {[%emt 00:17:53]} 15. N1h2 {[%clk 01:22:03]} {[%emt
00:03:41]} Bh5 {[%clk 00:52:33]} {[%emt 00:01:00]} 16. Re3 {[%clk 01:15:31]}
{[%emt 00:07:02]} g4 {[%clk 00:50:28]} {[%emt 00:02:34]} 17. Ne1 {[%clk
01:15:54]} {[%emt 00:00:06]} Bg5 {[%clk 00:43:45]} {[%emt 00:07:12]} 18. Rg3
{[%clk 01:15:24]} {[%emt 00:01:03]} Bh4 {[%clk 00:42:46]} {[%emt 00:01:29]} 19.
Ng2 {[%clk 01:13:31]} {[%emt 00:02:23]} Bxg3 {[%clk 00:42:42]} {[%emt
00:00:34]} 20. fxg3 {[%clk 01:13:54]} {[%emt 00:00:06]} Qf6 {[%clk 00:39:24]}
{[%emt 00:03:44]} 21. Ne3 {[%emt 00:01:38]} O-O-O {[%clk 00:38:03]} {[%emt
00:01:49]} 22. Nd5 {[%clk 01:12:00]} {[%emt 00:01:23]} Qe6 {[%clk 00:36:11]}
{[%emt 00:02:22]} 23. Bb3 {[%clk 01:11:46]} {[%emt 00:00:45]} Qg6 {[%clk
00:35:31]} {[%emt 00:01:04]} 24. a4 {[%clk 01:11:44]} {[%emt 00:00:37]} Rgf8
{[%clk 00:29:53]} {[%emt 00:06:07]} 25. axb5 {[%clk 01:09:10]} {[%emt
00:03:05]} axb5 {[%clk 00:30:19]} {[%emt 00:00:03]} 26. Ra6 {[%clk 01:09:26]}
{[%emt 00:00:14]} Kb7 {[%clk 00:21:05]} {[%emt 00:09:42]} 27. Rxc6 {[%clk
01:09:43]} {[%emt 00:00:14]} Qg7 {[%clk 00:19:56]} {[%emt 00:01:39]} 28. Rxc7+
{[%clk 01:10:08]} {[%emt 00:00:06]} 1-0

[Event "DVM U12 2023"]
[Site "Magdeburg GER"]
[Date "2023.12.27"]
[Round "2"]
[White "Teng, David"]
[Black "Zargaran, Sepas"]
[Result "0-1"]
[Termination "normal"]
[Board "2.2"]
[WhiteElo "1489"]
[BlackElo "1636"]
[WhiteClock "00:08:35"]
[BlackClock "01:07:03"]
[WhiteTeam "Düsseldorfer SV 1854"]
[BlackTeam "VSG 1880 Offenbach"]
[PlyCount "94"]
[WhiteFideId "34604570"]
[BlackFideId "34625275"]
[EventCountry "GER"]
[EventRounds "7"]
[EventType "team-swiss"]
[EventDate "2023.12.26"]

1. e4 {[%clk 01:30:57]} {[%emt 00:00:02]} c5 {[%clk 01:30:43]} {[%emt
00:00:17]} 2. Nf3 {[%clk 01:31:17]} {[%emt 00:00:11]} Nc6 {[%clk 01:31:09]}
{[%emt 00:00:04]} 3. d4 {[%clk 01:31:22]} {[%emt 00:00:25]} cxd4 {[%clk
01:31:35]} {[%emt 00:00:05]} 4. Nxd4 {[%clk 01:31:42]} {[%emt 00:00:09]} g6
{[%clk 01:31:55]} {[%emt 00:00:10]} 5. c4 {[%clk 01:31:47]} {[%emt 00:00:24]}
d6 {[%clk 01:32:12]} {[%emt 00:00:14]} 6. Nc3 {[%clk 01:31:48]} {[%emt
00:00:28]} Nf6 {[%clk 01:32:29]} {[%emt 00:00:13]} 7. Be3 {[%clk 01:29:28]}
{[%emt 00:02:50]} Bg7 {[%clk 01:32:50]} {[%emt 00:00:10]} 8. Be2 {[%clk
01:29:01]} {[%emt 00:00:57]} O-O {[%clk 01:33:09]} {[%emt 00:00:11]} 9. O-O
{[%clk 01:26:52]} {[%emt 00:02:39]} Nxd4 {[%clk 01:33:23]} {[%emt 00:00:15]}
10. Bxd4 {[%clk 01:26:23]} {[%emt 00:01:00]} a5 {[%clk 01:33:16]} {[%emt
00:00:37]} 11. Qd2 {[%clk 01:24:31]} {[%emt 00:02:21]} a4 {[%clk 01:33:09]}
{[%emt 00:00:36]} 12. a3 {[%clk 01:24:06]} {[%emt 00:00:56]} Be6 {[%clk
01:30:41]} {[%emt 00:02:57]} 13. f3 {[%clk 01:22:21]} {[%emt 00:02:15]} Nd7
{[%clk 01:27:50]} {[%emt 00:03:22]} 14. Bxg7 {[%clk 01:20:17]} {[%emt
00:02:35]} Kxg7 {[%emt 00:00:19]} 15. Qd4+ {[%clk 01:20:07]} {[%emt 00:00:38]}
f6 {[%clk 01:28:31]} {[%emt 00:00:01]} 16. f4 {[%clk 01:12:05]} {[%emt
00:08:32]} Nc5 {[%clk 01:27:19]} {[%emt 00:01:42]} 17. Nd5 {[%clk 01:01:18]}
{[%emt 00:11:15]} Nb3 {[%clk 01:24:34]} {[%emt 00:03:17]} 18. Qe3 {[%clk
00:57:10]} {[%emt 00:04:39]} Bxd5 {[%clk 01:23:47]} {[%emt 00:01:16]} 19. cxd5
{[%clk 00:57:02]} {[%emt 00:00:37]} Nxa1 {[%clk 01:23:58]} {[%emt 00:00:19]}
20. Rxa1 {[%clk 00:57:05]} {[%emt 00:00:27]} Qa5 {[%clk 01:23:32]} {[%emt
00:00:55]} 21. Bg4 {[%clk 00:55:04]} {[%emt 00:02:32]} Qa7 {[%clk 01:22:07]}
{[%emt 00:01:55]} 22. Qxa7 {[%clk 00:52:50]} {[%emt 00:02:44]} Rxa7 {[%clk
01:22:20]} {[%emt 00:00:16]} 23. Be6 {[%clk 00:52:55]} {[%emt 00:00:27]} b5
{[%clk 01:22:18]} {[%emt 00:00:31]} 24. Rc1 {[%clk 00:48:29]} {[%emt 00:04:56]}
Rb7 {[%clk 01:20:17]} {[%emt 00:02:29]} 25. Bc8 {[%clk 00:45:07]} {[%emt
00:03:53]} Rb8 {[%clk 01:19:56]} {[%emt 00:00:51]} 26. Bd7 {[%clk 00:44:45]}
{[%emt 00:00:53]} Rfd8 {[%clk 01:19:38]} {[%emt 00:00:48]} 27. Bc6 {[%clk
00:43:13]} {[%emt 00:02:01]} Rdc8 {[%clk 01:19:30]} {[%emt 00:00:39]} 28. Rd1
{[%clk 00:42:01]} {[%emt 00:01:42]} b4 {[%clk 01:17:23]} {[%emt 00:02:36]} 29.
Rd4 {[%clk 00:38:46]} {[%emt 00:03:46]} bxa3 {[%clk 01:16:55]} {[%emt
00:00:58]} 30. bxa3 {[%clk 00:38:15]} {[%emt 00:01:01]} e5 {[%clk 01:16:13]}
{[%emt 00:01:11]} 31. Rxa4 {[%clk 00:33:56]} {[%emt 00:04:49]} exf4 {[%clk
01:16:22]} {[%emt 00:00:21]} 32. Ra7+ {[%clk 00:22:49]} {[%emt 00:11:37]} Kh6
{[%clk 01:16:25]} {[%emt 00:00:26]} 33. a4 {[%clk 00:21:32]} {[%emt 00:01:47]}
Rb1+ {[%clk 01:11:19]} {[%emt 00:05:36]} 34. Kf2 {[%clk 00:21:53]} {[%emt
00:00:09]} Rcb8 {[%clk 01:11:39]} {[%emt 00:00:10]} 35. Bb5 {[%clk 00:20:57]}
{[%emt 00:01:26]} g5 {[%clk 01:09:52]} {[%emt 00:02:17]} 36. h3 {[%clk
00:21:04]} {[%emt 00:00:24]} Kg6 {[%clk 01:09:51]} {[%emt 00:00:31]} 37. Rd7
{[%clk 00:20:43]} {[%emt 00:00:50]} Rb6 {[%clk 01:09:41]} {[%emt 00:00:39]} 38.
Rd8 {[%clk 00:18:09]} {[%emt 00:03:06]} h5 {[%clk 01:07:14]} {[%emt 00:02:57]}
39. Rg8+ {[%clk 00:15:04]} {[%emt 00:03:35]} Kh7 {[%clk 01:07:12]} {[%emt
00:00:32]} 40. Rc8 {[%clk 00:13:54]} {[%emt 00:01:39]} g4 {[%clk 01:07:08]}
{[%emt 00:00:34]} 41. Rc6 {[%clk 00:09:07]} {[%emt 00:05:17]} Rxc6 {[%clk
01:06:28]} {[%emt 00:01:10]} 42. dxc6 {[%clk 00:09:12]} {[%emt 00:00:25]} Kg7
{[%clk 01:06:24]} {[%emt 00:00:34]} 43. a5 {[%clk 00:08:40]} {[%emt 00:01:03]}
Rxb5 {[%clk 01:05:59]} {[%emt 00:00:55]} 44. a6 {[%clk 00:08:58]} {[%emt
00:00:11]} Rb8 {[%clk 01:06:27]} {[%emt 00:00:02]} 45. c7 {[%clk 00:08:58]}
{[%emt 00:00:31]} Rc8 {[%clk 01:06:56]} {[%emt 00:00:01]} 46. a7 {[%clk
00:09:20]} {[%emt 00:00:07]} Kf7 {[%clk 01:06:53]} {[%emt 00:00:33]} 47. g3
{[%clk 00:08:35]} {[%emt 00:01:15]} f3 {[%clk 01:07:03]} {[%emt 00:00:20]} 0-1

[Event "DVM U12 2023"]
[Site "Magdeburg GER"]
[Date "2023.12.27"]
[Round "2"]
[White "Papadopoulos, Kyriakos"]
[Black "Schmitz, Constantin"]
[Result "0-1"]
[Termination "normal"]
[Board "2.3"]
[WhiteElo "1465"]
[BlackElo "1544"]
[WhiteClock "00:31:59"]
[BlackClock "01:25:48"]
[WhiteTeam "VSG 1880 Offenbach"]
[BlackTeam "Düsseldorfer SV 1854"]
[PlyCount "60"]
[WhiteFideId "34630732"]
[BlackFideId "16274660"]
[EventCountry "GER"]
[EventRounds "7"]
[EventType "team-swiss"]
[EventDate "2023.12.26"]

1. e4 {[%clk 01:30:59]} c5 {[%clk 01:30:57]} {[%emt 00:00:04]} 2. f4 {[%clk
01:31:18]} {[%emt 00:00:10]} Nc6 {[%clk 01:31:19]} {[%emt 00:00:08]} 3. Nf3
{[%clk 01:31:41]} {[%emt 00:00:07]} g6 {[%clk 01:31:43]} {[%emt 00:00:06]} 4.
Nc3 {[%clk 01:31:31]} {[%emt 00:00:41]} Bg7 {[%clk 01:31:56]} {[%emt 00:00:17]}
5. Bc4 {[%clk 01:31:37]} {[%emt 00:00:24]} d6 {[%clk 01:31:54]} {[%emt
00:00:32]} 6. d3 {[%clk 01:31:14]} {[%emt 00:00:54]} Bg4 {[%clk 01:32:07]}
{[%emt 00:00:15]} 7. h3 {[%clk 01:31:24]} {[%emt 00:00:21]} Bxf3 {[%clk
01:32:28]} {[%emt 00:00:10]} 8. Qxf3 {[%clk 01:31:37]} {[%emt 00:00:17]} Nd4
{[%clk 01:32:30]} {[%emt 00:00:28]} 9. Qf2 {[%clk 01:31:00]} {[%emt 00:01:06]}
Nf6 {[%clk 01:32:40]} {[%emt 00:00:18]} 10. Be3 {[%clk 01:30:49]} {[%emt
00:00:43]} Nd7 {[%clk 01:31:59]} {[%emt 00:01:12]} 11. Kd2 {[%clk 01:21:18]}
{[%emt 00:10:00]} a6 {[%clk 01:31:51]} {[%emt 00:00:38]} 12. f5 {[%clk
01:19:28]} {[%emt 00:02:20]} Ne5 {[%clk 01:31:14]} {[%emt 00:01:06]} 13. Bxd4
{[%clk 01:13:17]} {[%emt 00:06:42]} cxd4 {[%clk 01:31:20]} {[%emt 00:00:24]}
14. Ne2 {[%clk 01:13:20]} {[%emt 00:00:28]} Bh6+ {[%clk 01:30:57]} {[%emt
00:00:52]} 15. Kd1 {[%clk 01:12:31]} {[%emt 00:01:20]} Nxc4 {[%clk 01:30:40]}
{[%emt 00:00:47]} 16. dxc4 {[%clk 01:12:16]} {[%emt 00:00:44]} Be3 {[%clk
01:30:37]} {[%emt 00:00:33]} 17. Qe1 {[%clk 01:10:34]} {[%emt 00:02:12]} Rc8
{[%clk 01:29:55]} {[%emt 00:01:11]} 18. b3 {[%clk 01:04:21]} {[%emt 00:06:44]}
Qc7 {[%clk 01:29:55]} {[%emt 00:00:29]} 19. a4 {[%clk 01:03:45]} {[%emt
00:01:07]} O-O {[%clk 01:29:16]} {[%emt 00:01:08]} 20. Qb4 {[%clk 01:01:34]}
{[%emt 00:02:42]} Qc6 {[%clk 01:29:01]} {[%emt 00:00:45]} 21. fxg6 {[%clk
00:56:56]} {[%emt 00:05:08]} hxg6 {[%clk 01:28:57]} {[%emt 00:00:34]} 22. Ng3
{[%clk 00:51:59]} {[%emt 00:05:26]} Bf2 {[%clk 01:27:34]} {[%emt 00:01:53]} 23.
Nf1 {[%clk 00:44:24]} {[%emt 00:08:06]} Qxe4 {[%clk 01:27:49]} {[%emt
00:00:16]} 24. Rh2 {[%clk 00:43:49]} {[%emt 00:01:04]} Bg1 {[%clk 01:27:28]}
{[%emt 00:00:51]} 25. Ng3 {[%clk 00:41:45]} {[%emt 00:02:30]} Qc6 {[%clk
01:26:26]} {[%emt 00:01:36]} 26. Qd2 {[%clk 00:37:29]} {[%emt 00:04:47]} Bxh2
{[%clk 01:25:40]} {[%emt 00:01:15]} 27. Nf5 {[%clk 00:37:00]} {[%emt 00:01:00]}
Qe4 {[%clk 01:25:19]} {[%emt 00:00:51]} 28. g4 {[%clk 00:32:32]} {[%emt
00:04:57]} Bf4 {[%clk 01:25:27]} {[%emt 00:00:21]} 29. Nxe7+ {[%clk 00:32:02]}
{[%emt 00:01:00]} Qxe7 {[%clk 01:25:55]} {[%emt 00:00:03]} 30. Qxf4 {[%clk
00:31:59]} {[%emt 00:00:33]} Qe3 {[%clk 01:25:48]} {[%emt 00:00:38]} 0-1